000 01514nam a2200361 i 4500
001 000048090
003 DO-SdBNP
005 20260305073959.0
007 ta
008 181114s2017 dr a r 001 0 spa d
020 _z9789945140279
040 _aDO-SdBNP
_bspa
_cBNPHU
_erda
041 _aspa
082 4 _a972.93053
_bG984t 2017
_222
100 1 _aGutiérrez Félix, Euclides,
_d1936-
_eautor
_4aut.
_95673
245 1 0 _aTrujillo :
_bmonarca sin corona /
_cEuclides Gutiérrez Félix ; cuidado de edición, diseño de portada y fotografías, Cándido Gerón.
250 _aQuinta edición, ampliada y corregida
264 4 _aSanto Domingo, República Dominicana :
_bEditora Corripio, C. oor A.,
_c©2017.
300 _a722 páginas :
_bilustraciones, retratos ;
_c25 cm.
336 _atexto
_btxt
_2rdacontent
337 _asin mediación
_bn
_2rdanedia
338 _avolumen
_bnc
_2rdacarrier
500 _aIncluye datos biográficos del autor en las solapas e índice onomástico
500 _aIncluye referencias bibliográficas y notas al pie de las paginas
504 _aBibliografía: páginas 689-696
590 _aInventariado, 2018/MFF
600 1 4 _aTrujillo Molina, Rafael Leónidas,
_d 1891-1961
_976764
650 4 _aRepública dominicana
_xPolítica y gobierno
_92488
651 4 _aRepública Dominicana
_xHistoria
_yEra de Trujillo, 1930-1961
_xFuentes
_92416
700 1 _aGerón, Candido,
_d1948-
_eeditor
_4ed.
_93577
910 _aValidado. Control de calidad. MFF
942 _2ddc
_cLBS1
999 _c47578
_d47578